| 000 | 00907nam a22002177a 4500 | ||
|---|---|---|---|
| 001 | 2819 | ||
| 005 | 20240116102516.0 | ||
| 020 | _a9789814615907 | ||
| 040 |
_aFISKH _beng _cFISKH _dFISKH |
||
| 082 | _aFic | ||
| 100 | _aLOW A. J. | ||
| 245 |
_aSherlock Sam and the comic book caper in New York / _bBy A. J. Low |
||
| 250 | _aFirst Edition | ||
| 260 |
_aSingapore : _bEpigram Books, _c2016 |
||
| 300 |
_a187 pages : _c22 cm |
||
| 505 | _aO | ||
| 520 | _aThe Supper Club are attending the San Diego Comic-con when a piece of experimental technology is stolen by a real-life superhero turned real-life supervillain! Will Sherlock Sam, Watson and the rest of the gang be able to rush across the country to rescue the priceless technology from the clutches of this evil-doer? Or is this the end of the world as we know it? | ||
| 521 |
_a700 _bLexile estimate |
||
| 521 |
_aO _bRaz-Plus |
||
| 942 |
_2ddc _cBK _n0 |
||
| 999 |
_c2819 _d2819 |
||